[Event "RUS-Cup6"]
[Site "Krasnodar"]
[Date "1997.03.19"]
[Round "9"]
[White "Tseshkovsky, Vitaly"]
[Black "Daniliuk, Sergey"]
[Result "1-0"]
[WhiteElo "2510"]
[BlackElo "2410"]
[PlyCount "137"]
[EventDate "1997.03.11"]
[EventType "swiss"]
[EventRounds "9"]
[EventCountry "RUS"]
[SourceTitle "EXT 2000"]
[Source "ChessBase"]
[SourceDate "1999.11.16"]
[SourceVersion "1"]
[SourceVersionDate "1999.11.16"]
[SourceQuality "1"]

1. e4 e5 2. Nf3 Nc6 3. Bb5 a6 4. Ba4 Nf6 5. d3 b5 6. Bb3 Be7 7. 0-0 d6 8. c3 0-0 9. Re1 Na5 10. Bc2 c5 11. Nbd2 Re8 12. Nf1 h6 13. Ng3 Bf8 14. a4 b4 15. cxb4 cxb4 16. d4 exd4 17. Nxd4 Bb7 18. Ndf5 d5 19. e5 Ne4 20. Qg4 Kh8 21. Nxg7 Bxg7 22. Nf5 Rg8 23. Qh5 Qb6 24. Rxe4 dxe4 25. Nd6 Rgd8 26. Bxh6 Rxd6 27. exd6 Qc6 28. Rc1 Qd5 29. Qh4 Bxh6 30. Qxh6+ Kg8 31. Rd1 Qc6 32. d7 Rd8 33. Qh4 Qc7 34. Bxe4 Bxe4 35. Qxe4 Nc6 36. h3 Kf8 37. Qh7 Rxd7 38. Re1 Ne7 39. Qh6+ Kg8 40. Qxa6 Kg7 41. Qb5 Rd4 42. a5 Ng6 43. a6 Rd6 44. h4 Nxh4 45. Qe5+ Kh7 46. a7 Nf3+ 47. gxf3 Rg6+ 48. Kf1 Qxa7 49. Re4 Qa1+ 50. Ke2 Re6 51. Qd4 b3 52. Rxe6 fxe6 53. Qd7+ Kh8 54. Qc8+ Kg7 55. Qb7+ Kf6 56. Qxb3 Qa6+ 57. Qd3 Qb6 58. Qc3+ Kf7 59. b4 Qb5+ 60. Ke3 Qd5 61. Qc7+ Kf6 62. Qc5 Qb3+ 63. Kf4 Qb2 64. Qf8+ Kg6 65. Qg8+ Kh6 66. Qxe6+ Kh7 67. Qd7+ Kh6 68. Qd6+ Kh7 69. Qc5 1-0

[Event "RUS-Cup6"]
[Site "Krasnodar"]
[Date "1997.03.15"]
[Round "5"]
[White "Shariyazdanov, Andrey"]
[Black "Daniliuk, Sergey"]
[Result "1/2-1/2"]
[WhiteElo "2525"]
[BlackElo "2410"]
[PlyCount "25"]
[EventDate "1997.03.11"]
[EventType "swiss"]
[EventRounds "9"]
[EventCountry "RUS"]
[SourceTitle "EXT 2000"]
[Source "ChessBase"]
[SourceDate "1999.11.16"]
[SourceVersion "1"]
[SourceVersionDate "1999.11.16"]
[SourceQuality "1"]

1. d4 Nf6 2. Nf3 g6 3. e3 Bg7 4. Be2 c5 5. dxc5 Na6 6. Bxa6 bxa6 7. 0-0 Bb7 8. Nd4 Qc7 9. b4 a5 10. a3 axb4 11. axb4 a5 12. Rxa5 Rxa5 13. bxa5 1/2-1/2

[Event "RUS-ch sf"]
[Site "Krasnodar"]
[Date "1997.??.??"]
[Round "?"]
[White "Poluljahov, Aleksandr"]
[Black "Daniliuk, Sergey"]
[Result "1-0"]
[WhiteElo "2510"]
[BlackElo "2410"]
[PlyCount "71"]
[EventDate "1997.??.??"]
[EventType "swiss"]
[EventRounds "9"]
[EventCountry "RUS"]
[SourceTitle "EXT 2000"]
[Source "ChessBase"]
[SourceDate "1999.11.16"]
[SourceVersion "1"]
[SourceVersionDate "1999.11.16"]
[SourceQuality "1"]

1. c4 Nf6 2. Nc3 d5 3. cxd5 Nxd5 4. Nf3 g6 5. Qa4+ Bd7 6. Qh4 Nxc3 7. dxc3 Nc6 8. e4 e5 9. Bg5 Be7 10. Bc4 h6 11. Bxe7 Qxe7 12. Qg3 0-0-0 13. 0-0 g5 14. Rfd1 f6 15. Nd2 Be6 16. b3 h5 17. Bxe6+ Qxe6 18. Nc4 h4 19. Qe3 b6 20. Qe2 Rxd1+ 21. Rxd1 Rd8 22. Ne3 Rxd1+ 23. Qxd1 Nb8 24. g3 hxg3 25. hxg3 Nd7 26. Kg2 c6 27. Qh5 a5 28. Qh8+ Kc7 29. Nf5 b5 30. Qa8 Kb6 31. Qd8+ Ka6 32. Qc8+ Kb6 33. Qd8+ Ka6 34. Ng7 Qf7 35. Ne8 Nb6 36. Qb8 1-0

[Event "Krasnodar op"]
[Site "Krasnodar"]
[Date "1997.??.??"]
[Round "?"]
[White "Volosin, Vladimir"]
[Black "Daniliuk, Sergey"]
[Result "0-1"]
[WhiteElo "2340"]
[BlackElo "2410"]
[PlyCount "52"]
[EventDate "1997.??.??"]
[EventType "swiss"]
[EventRounds "11"]
[EventCountry "RUS"]
[SourceTitle "EXT 2000"]
[Source "ChessBase"]
[SourceDate "1999.11.16"]
[SourceVersion "1"]
[SourceVersionDate "1999.11.16"]
[SourceQuality "1"]

1. Nf3 Nf6 2. d4 g6 3. g3 c5 4. Bg2 cxd4 5. Nxd4 Bg7 6. 0-0 Nc6 7. Nxc6 bxc6 8. c4 0-0 9. Nc3 Qa5 10. Bd2 Qc5 11. b3 d5 12. Na4 Qd6 13. Rc1 Bg4 14. f3 Bf5 15. c5 Qc7 16. Be3 e5 17. g4 Be6 18. Qd2 d4 19. Bh6 Bxh6 20. Qxh6 Nd5 21. Nb2 Ne3 22. Rf2 f5 23. Bh3 fxg4 24. Bg2 Rf5 25. Qh4 Raf8 26. Qg3 gxf3 0-1

[Event "Krasnodar op"]
[Site "Krasnodar"]
[Date "1996.??.??"]
[Round "10"]
[White "Daniliuk, Sergey"]
[Black "Beshukov, Sergei"]
[Result "1-0"]
[WhiteElo "2400"]
[BlackElo "2450"]
[PlyCount "81"]
[EventDate "1996.??.??"]
[EventType "swiss"]
[EventRounds "11"]
[EventCountry "RUS"]
[SourceTitle "EXT 2000"]
[Source "ChessBase"]
[SourceDate "1999.11.16"]
[SourceVersion "1"]
[SourceVersionDate "1999.11.16"]
[SourceQuality "1"]

1. e4 e5 2. Nf3 Nc6 3. Nc3 Nf6 4. Bb5 Nd4 5. Ba4 Bc5 6. Nxe5 0-0 7. Nd3 d6 8. Nxc5 dxc5 9. d3 c6 10. 0-0 a5 11. a3 Bg4 12. f3 Be6 13. Be3 Qd6 14. Ne2 b5 15. Bb3 Nxb3 16. cxb3 Rfd8 17. d4 cxd4 18. Nxd4 Qe5 19. Nxc6 Rxd1 20. Nxe5 Rxa1 21. Rxa1 Bxb3 22. Rc1 Ne8 23. Rc6 f6 24. Nd7 b4 25. Rb6 Rd8 26. Nc5 bxa3 27. Nxb3 a2 28. Ra6 Rd3 29. Na1 Rd1+ 30. Kf2 Rxa1 31. Rxa5 Nd6 32. b3 Nb5 33. h4 h5 34. Bd2 Nd4 35. Bc3 Rd1 36. Bxd4 Rxd4 37. Rxa2 Rb4 38. Rb2 Kf7 39. Ke3 Ke6 40. Kd3 Ke5 41. Kc3 1-0

[Event "Novorossiysk op"]
[Site "Novorossiysk"]
[Date "1996.??.??"]
[Round "?"]
[White "Daniliuk, Sergey"]
[Black "Kuzmin, Gennadi P"]
[Result "1/2-1/2"]
[WhiteElo "2400"]
[BlackElo "2535"]
[PlyCount "74"]
[EventDate "1996.??.??"]
[EventType "swiss"]
[EventRounds "7"]
[EventCountry "RUS"]
[SourceTitle "EXT 2000"]
[Source "ChessBase"]
[SourceDate "1999.11.16"]
[SourceVersion "1"]
[SourceVersionDate "1999.11.16"]
[SourceQuality "1"]

1. e4 d6 2. d4 Nf6 3. Nc3 g6 4. f4 Bg7 5. Nf3 0-0 6. Bd3 Na6 7. e5 dxe5 8. dxe5 Nd5 9. Nxd5 Qxd5 10. Qe2 Bf5 11. Bxf5 gxf5 12. 0-0 c5 13. Rd1 Qc6 14. Be3 Rad8 15. Rxd8 Rxd8 16. Rd1 Rd5 17. a3 Nc7 18. Kf2 f6 19. c4 Rxd1 20. Qxd1 Kf7 21. Qd3 e6 22. b3 b6 23. Qd8 Ne8 24. exf6 Bxf6 25. Ne5+ Bxe5 26. fxe5 Qc7 27. Qxc7+ Nxc7 28. Bg5 Na6 29. Bd2 Nb8 30. b4 Nc6 31. Bc3 cxb4 32. axb4 a6 33. b5 axb5 34. cxb5 Na7 35. Bd4 Nxb5 36. Bxb6 Kg6 37. Kf3 Nc3 1/2-1/2

[Event "Novorossiysk op"]
[Site "Novorossiysk"]
[Date "1996.??.??"]
[Round "?"]
[White "Daniliuk, Sergey"]
[Black "Tregubov, Pavel V"]
[Result "0-1"]
[WhiteElo "2400"]
[BlackElo "2470"]
[PlyCount "94"]
[EventDate "1996.??.??"]
[EventType "swiss"]
[EventRounds "7"]
[EventCountry "RUS"]
[SourceTitle "EXT 2000"]
[Source "ChessBase"]
[SourceDate "1999.11.16"]
[SourceVersion "1"]
[SourceVersionDate "1999.11.16"]
[SourceQuality "1"]

1. e4 c5 2. c3 d6 3. d4 Nf6 4. Bd3 a6 5. Nf3 g6 6. 0-0 Bg7 7. h3 0-0 8. Re1 Nc6 9. e5 Nd5 10. Be4 e6 11. Bg5 Qc7 12. exd6 Qxd6 13. dxc5 Qxc5 14. Nbd2 Nce7 15. Nb3 Qc7 16. Qd2 f6 17. Bh6 Nb6 18. Bxg7 Kxg7 19. Qd4 Rb8 20. Qc5 Qxc5 21. Nxc5 Kf7 22. Rad1 Nbd5 23. c4 Nc7 24. Re3 e5 25. Nd7 Bxd7 26. Rxd7 Rfc8 27. Rb3 b5 28. cxb5 Ke6 29. Rbd3 Nxb5 30. a4 Rc7 31. Rxe7+ Kxe7 32. axb5 f5 33. Bc6 e4 34. Re3 axb5 35. Ne5 Kd6 36. f4 Rxc6 37. Nxc6 Kxc6 38. Rc3+ Kd6 39. b4 Kd5 40. Kf2 Rb6 41. Rc5+ Kd4 42. g4 e3+ 43. Kf3 Re6 44. Ke2 Ke4 45. gxf5 gxf5 46. Rxb5 Kxf4 47. Rc5 Re4 0-1

[Event "Krasnodar"]
[Site "Krasnodar"]
[Date "1995.??.??"]
[Round "2"]
[White "Daniliuk, Sergey"]
[Black "Beshukov, Sergei"]
[Result "0-1"]
[WhiteElo "2445"]
[BlackElo "2500"]
[PlyCount "82"]
[EventDate "1995.??.??"]
[EventType "tourn"]
[EventRounds "9"]
[EventCountry "RUS"]
[EventCategory "9"]
[SourceTitle "CBM 047 Extra"]
[Source "ChessBase"]
[SourceDate "1995.09.01"]
[SourceVersion "1"]
[SourceVersionDate "1995.09.01"]
[SourceQuality "1"]

1. e4 c5 2. c3 d6 3. d4 Nf6 4. Bd3 g6 5. Nf3 Bg7 6. h3 0-0 7. 0-0 Qc7 8. Re1 Nc6 9. Na3 a6 10. e5 dxe5 11. dxe5 Nd7 12. e6 fxe6 13. Ng5 Nde5 14. Bc2 h6 15. Ne4 c4 16. Qe2 b5 17. Be3 Nd8 18. Nc5 Nb7 19. Be4 Nxc5 20. Bxa8 Ned3 21. Rf1 Bd7 22. Bf3 Ne5 23. Bg4 h5 24. f4 Ned3 25. Bf3 Nxf4 26. Bxf4 Rxf4 27. Nc2 e5 28. g3 Rxf3 29. Qxf3 Bxh3 30. Ne3 Bxf1 31. Rxf1 e6 32. g4 e4 33. Qh3 Qe5 34. gxh5 gxh5 35. Ng2 Nd3 36. Kh1 Bh6 37. Qh4 e3 38. Qe7 e2 39. Rf7 e1Q+ 40. Nxe1 Qxe1+ 41. Kg2 Qe2+ 0-1

[Event "Novorossiysk"]
[Site "Novorossiysk"]
[Date "1995.??.??"]
[Round "?"]
[White "Daniliuk, Sergey"]
[Black "Beshukov, Sergei"]
[Result "1/2-1/2"]
[WhiteElo "2390"]
[BlackElo "2500"]
[PlyCount "77"]
[EventDate "1995.??.??"]
[EventType "tourn"]
[EventRounds "11"]
[EventCountry "RUS"]
[EventCategory "5"]
[SourceTitle "EXT 1997"]
[Source "ChessBase"]
[SourceDate "1996.11.15"]
[SourceVersion "1"]
[SourceVersionDate "1996.11.15"]
[SourceQuality "1"]

1. e4 c5 2. c3 d6 3. d4 Nf6 4. Bd3 g6 5. Nf3 Bg7 6. 0-0 0-0 7. h3 Qc7 8. Bf4 Rd8 9. e5 Nd5 10. exd6 exd6 11. Bg5 Re8 12. dxc5 Qxc5 13. Nbd2 h6 14. Ne4 Qc6 15. Qb3 Nc7 16. Nf6+ Bxf6 17. Bxf6 Nd7 18. Nd4 Qc5 19. Bh4 Ne5 20. Be2 Ne6 21. Rfd1 a6 22. Bg3 b5 23. a4 bxa4 24. Rxa4 a5 25. Nxe6 Bxe6 26. Qa3 Qxa3 27. Rxa3 Bc4 28. Rd2 Bxe2 29. Rxe2 Nc4 30. Rxe8+ Rxe8 31. Ra4 Re1+ 32. Kh2 d5 33. Bf4 g5 34. Be3 f5 35. b3 Nxe3 36. fxe3 Rxe3 37. Rxa5 Rxc3 38. Rxd5 f4 39. h4 1/2-1/2

[Event "Novorossiysk"]
[Site "Novorossiysk"]
[Date "1995.??.??"]
[Round "?"]
[White "Daniliuk, Sergey"]
[Black "Doroshkievich, Vladimir K"]
[Result "1/2-1/2"]
[WhiteElo "2390"]
[BlackElo "2405"]
[PlyCount "89"]
[EventDate "1995.??.??"]
[EventType "tourn"]
[EventRounds "11"]
[EventCountry "RUS"]
[EventCategory "5"]
[SourceTitle "EXT 1997"]
[Source "ChessBase"]
[SourceDate "1996.11.15"]
[SourceVersion "1"]
[SourceVersionDate "1996.11.15"]
[SourceQuality "1"]

1. e4 c5 2. Nf3 d6 3. d4 cxd4 4. Nxd4 Nf6 5. Nc3 a6 6. Be3 Ng4 7. Bg5 h6 8. Bh4 g5 9. Bg3 Bg7 10. Be2 h5 11. h4 Nc6 12. Nb3 gxh4 13. Bxh4 Be6 14. Qd2 Rc8 15. f3 Nge5 16. Nd5 Ng6 17. 0-0-0 Nxh4 18. Rxh4 Bxd5 19. exd5 Bf6 20. dxc6 Bxh4 21. cxb7 Rb8 22. Qb4 Bf2 23. Bxa6 Qb6 24. Qa4+ Kf8 25. Nd4 Be3+ 26. Kb1 Rg8 27. Nc6 Rxb7 28. Bxb7 Qxb7 29. g4 hxg4 30. fxg4 Qd7 31. Qe4 Rxg4 32. Qxe3 Qxc6 33. Qh6+ Ke8 34. b3 Rg2 35. Qh8+ Kd7 36. Qh7 Qf3 37. Re1 Qf2 38. Qe4 e5 39. a4 f5 40. Qb7+ Kd8 41. Qb8+ Kd7 42. Qb7+ Kd8 43. Rc1 Rg1 44. Qd5 Qc5 45. Qxc5 1/2-1/2

[Event "Moscow op"]
[Site "Moscow"]
[Date "1995.??.??"]
[Round "7"]
[White "Daniliuk, Sergey"]
[Black "Gevorgjan, K."]
[Result "1/2-1/2"]
[WhiteElo "2445"]
[BlackElo "2215"]
[PlyCount "114"]
[EventDate "1995.??.??"]
[EventType "swiss"]
[EventRounds "9"]
[EventCountry "RUS"]
[SourceTitle "EXT 2000"]
[Source "ChessBase"]
[SourceDate "1999.11.16"]
[SourceVersion "1"]
[SourceVersionDate "1999.11.16"]
[SourceQuality "1"]

1. e4 e5 2. Nf3 Nc6 3. Nc3 Nf6 4. Bb5 d6 5. d4 exd4 6. Nxd4 Bd7 7. Bxc6 bxc6 8. Qf3 Be7 9. e5 Nd5 10. Nxc6 Bxc6 11. Nxd5 Qd7 12. Be3 dxe5 13. 0-0-0 Rd8 14. c4 Bxd5 15. Rxd5 Qe6 16. Qe4 Bd6 17. Bxa7 f5 18. Qe2 c6 19. Rd2 0-0 20. Rhd1 e4 21. Bc5 Bf4 22. Bxf8 Kxf8 23. g3 Bxd2+ 24. Rxd2 Ra8 25. Kb1 Re8 26. Rd4 f4 27. gxf4 Qg6 28. Qe3 Qg1+ 29. Kc2 Qxh2 30. Rxe4 Rxe4 31. Qxe4 h5 32. Qxc6 h4 33. Qc5+ Kf7 34. Qd5+ Kf8 35. Qd8+ Kf7 36. Qd5+ Kf8 37. Qd8+ Kf7 38. Qd7+ Kf8 39. Qc8+ Ke7 40. Qc5+ Kf7 41. Qc7+ Kf8 42. Qc5+ Ke8 43. Qe3+ Kf7 44. c5 Qg2 45. f5 h3 46. Qe6+ Kf8 47. c6 Qxf2+ 48. Kc3 Qc5+ 49. Kd3 Qb5+ 50. Ke3 Qc5+ 51. Kf3 h2 52. Qc8+ Ke7 53. Qc7+ Kf6 54. Qxh2 Qxc6+ 55. Kf2 Qc5+ 56. Kf3 Qd5+ 57. Ke3 Qxa2 1/2-1/2

[Event "RUS-ch"]
[Site "Elista"]
[Date "1995.??.??"]
[Round "8"]
[White "Daniliuk, Sergey"]
[Black "Goldin, Alexander"]
[Result "0-1"]
[WhiteElo "2390"]
[BlackElo "2585"]
[PlyCount "114"]
[EventDate "1995.10.??"]
[EventType "swiss"]
[EventRounds "11"]
[EventCountry "RUS"]
[SourceTitle "CBM 050"]
[Source "ChessBase"]
[SourceDate "1996.02.01"]
[SourceVersion "1"]
[SourceVersionDate "1996.02.01"]
[SourceQuality "1"]

1. e4 c5 2. c3 d6 3. d4 Nf6 4. Bd3 g6 5. Nf3 Bg7 6. 0-0 0-0 7. h3 Nbd7 8. Re1 e5 9. dxe5 dxe5 10. a4 b6 11. a5 Bb7 12. Nbd2 Qc7 13. Qc2 Bc6 14. b4 b5 15. c4 a6 16. Bb2 Rfe8 17. Rec1 Bf8 18. cxb5 axb5 19. Nb3 Bh6 20. Nxc5 Bxc1 21. Nxd7 Nxd7 22. Rxc1 Qd6 23. Qxc6 Qxd3 24. Nxe5 Nxe5 25. Bxe5 Qd2 26. Rb1 Qa2 27. Rc1 Qd2 28. Rb1 Qa2 29. Rd1 Qe2 30. Ra1 Qh5 31. f4 Rac8 32. Qxb5 Red8 33. Qb6 Kf8 34. Qf6 Qe2 35. Bd6+ Kg8 36. Be5 Kf8 37. Qh8+ Ke7 38. Bf6+ Kd7 39. Bxd8 Rc2 40. Qd4+ Kc8 41. Qc5+ Rxc5 42. bxc5 Kxd8 43. a6 Qb2 44. Rd1+ Kc7 45. Kh2 Qf6 46. a7 Qxf4+ 47. Kh1 Kb7 48. Rd7+ Ka8 49. c6 Qc1+ 50. Kh2 Qxc6 51. Rxf7 Qd6+ 52. Kh1 h5 53. Rh7 Qe5 54. Rf7 Qxe4 55. Rh7 Qd5 56. Kh2 Qd6+ 57. Kh1 g5 0-1

[Event "RUS-ch"]
[Site "Elista"]
[Date "1995.??.??"]
[Round "2"]
[White "Daniliuk, Sergey"]
[Black "Kharitonov, Andrei Y"]
[Result "1/2-1/2"]
[WhiteElo "2390"]
[BlackElo "2550"]
[PlyCount "84"]
[EventDate "1995.10.??"]
[EventType "swiss"]
[EventRounds "11"]
[EventCountry "RUS"]
[SourceTitle "CBM 050"]
[Source "ChessBase"]
[SourceDate "1996.02.01"]
[SourceVersion "1"]
[SourceVersionDate "1996.02.01"]
[SourceQuality "1"]

1. e4 c5 2. c3 d5 3. exd5 Qxd5 4. d4 Nf6 5. Nf3 e6 6. Be3 cxd4 7. cxd4 Be7 8. Nc3 Qa5 9. Bb5+ Bd7 10. Bxd7+ Nbxd7 11. 0-0 0-0 12. Qb3 Qb4 13. Rfd1 Nb6 14. Ne5 Rfd8 15. h3 Rac8 16. Rd3 Nfd5 17. Nxd5 Nxd5 18. a3 Qxb3 19. Rxb3 Rc7 20. Rc1 Rdc8 21. Rxc7 Rxc7 22. Kf1 Bd6 23. Ke2 f6 24. Nf3 Kf7 25. Kd3 a6 26. Nd2 b5 27. Ne4 Ke7 28. Nc3 Nb6 29. Ne4 Rc6 30. Rc3 Rxc3+ 31. Nxc3 Kd7 32. Bc1 Kc6 33. b3 Nc8 34. a4 Ne7 35. axb5+ axb5 36. Bd2 Nd5 37. Nxd5 Kxd5 38. g4 f5 39. f3 g6 40. Bg5 Ba3 41. Bf6 Bd6 42. Bg7 Be7 1/2-1/2

[Event "Moscow op"]
[Site "Moscow"]
[Date "1995.??.??"]
[Round "5"]
[White "Daniliuk, Sergey"]
[Black "Krasnov, Sergey"]
[Result "1/2-1/2"]
[WhiteElo "2445"]
[BlackElo "2360"]
[PlyCount "118"]
[EventDate "1995.??.??"]
[EventType "swiss"]
[EventRounds "9"]
[EventCountry "RUS"]
[SourceTitle "EXT 2000"]
[Source "ChessBase"]
[SourceDate "1999.11.16"]
[SourceVersion "1"]
[SourceVersionDate "1999.11.16"]
[SourceQuality "1"]

1. e4 g6 2. d4 Bg7 3. Nc3 c6 4. f4 d5 5. e5 h5 6. Nf3 Bg4 7. Be3 Qb6 8. Rb1 e6 9. Be2 Ne7 10. 0-0 Nf5 11. Bf2 Bh6 12. Qd2 a5 13. g3 Nd7 14. Kg2 h4 15. Nxh4 Nxh4+ 16. gxh4 Bxe2 17. Nxe2 Bf8 18. Ng1 c5 19. c3 Qc6 20. Nf3 c4 21. Kh1 b5 22. Rg1 Nb6 23. Ng5 b4 24. Qc2 Ra7 25. Rg4 Rb7 26. Qd2 Na4 27. Rgg1 Be7 28. Rgd1 Qb5 29. Rbc1 Qc6 30. Rb1 Bf8 31. Be1 Qd7 32. Qf2 Nb6 33. b3 bxc3 34. Bxc3 Bb4 35. Bxb4 axb4 36. bxc4 Nxc4 37. Rb3 Qa4 38. Rdb1 Ke7 39. Qe1 Rhb8 40. h5 gxh5 41. Qh4 Kd7 42. Qxh5 Kc6 43. Nxf7 Qxa2 44. Ng5 Qc2 45. Qh3 Re8 46. f5 Rg7 47. Rg1 Reg8 48. f6 Qe4+ 49. Rf3 Rxg5 50. Qxe6+ Kb7 51. Qe7+ Ka8 52. Ra1+ Na3 53. Raxa3+ bxa3 54. Qxa3+ Kb7 55. Qb4+ Ka6 56. Qa4+ Kb6 57. Qb4+ Kc6 58. Qc5+ Kb7 59. Qb5+ Kc7 1/2-1/2

[Event "Zlin op"]
[Site "Zlin"]
[Date "1995.??.??"]
[Round "5"]
[White "Daniliuk, Sergey"]
[Black "Masternak, Grzegorz"]
[Result "1-0"]
[WhiteElo "2445"]
[BlackElo "2350"]
[PlyCount "53"]
[EventDate "1995.??.??"]
[EventType "swiss"]
[EventRounds "9"]
[EventCountry "CZE"]
[SourceTitle "EXT 2000"]
[Source "ChessBase"]
[SourceDate "1999.11.16"]
[SourceVersion "1"]
[SourceVersionDate "1999.11.16"]
[SourceQuality "1"]

1. e4 e6 2. d4 d5 3. Nd2 Nf6 4. e5 Nfd7 5. c3 c5 6. Bd3 Nc6 7. Ne2 cxd4 8. cxd4 f6 9. exf6 Nxf6 10. 0-0 Bd6 11. Nf3 Qc7 12. h3 0-0 13. Be3 a6 14. Rc1 Bd7 15. a3 Kh8 16. Qc2 Rac8 17. b4 Be8 18. Ng5 Qe7 19. Nxe6 Qxe6 20. Bf5 Qe7 21. Bxc8 Bh5 22. Bxb7 Bxe2 23. Bxc6 Bc4 24. Qf5 g6 25. Qg5 Qc7 26. Rxc4 dxc4 27. d5 1-0

[Event "Krasnodar"]
[Site "Krasnodar"]
[Date "1995.??.??"]
[Round "5"]
[White "Daniliuk, Sergey"]
[Black "Nadyrhanov, Sergey"]
[Result "1/2-1/2"]
[WhiteElo "2445"]
[BlackElo "2470"]
[PlyCount "69"]
[EventDate "1995.??.??"]
[EventType "tourn"]
[EventRounds "9"]
[EventCountry "RUS"]
[EventCategory "9"]
[SourceTitle "CBM 047 Extra"]
[Source "ChessBase"]
[SourceDate "1995.09.01"]
[SourceVersion "1"]
[SourceVersionDate "1995.09.01"]
[SourceQuality "1"]

1. e4 e5 2. Nf3 Nc6 3. Bc4 Bc5 4. c3 Nf6 5. d4 exd4 6. 0-0 Nxe4 7. cxd4 d5 8. dxc5 dxc4 9. Qe2 Qd3 10. Re1 f5 11. Nbd2 0-0 12. Nxc4 Nxc5 13. b3 Qxe2 14. Rxe2 Ne4 15. Bb2 Be6 16. Nfe5 Nxe5 17. Bxe5 c5 18. Nd2 Nxd2 19. Rxd2 Rad8 20. Rad1 Rxd2 21. Rxd2 Re8 22. f4 Kf7 23. Kf2 Rc8 24. Ke3 g6 25. g3 c4 26. b4 a6 27. a3 Rc6 28. Rd6 Rxd6 29. Bxd6 Bd7 30. Kd4 Ke6 31. Bf8 Bb5 32. h4 c3 33. Kxc3 Kd5 34. h5 gxh5 35. Be7 1/2-1/2

[Event "RUS-ch"]
[Site "Elista"]
[Date "1995.??.??"]
[Round "6"]
[White "Daniliuk, Sergey"]
[Black "Smyslov, Vassily V"]
[Result "1/2-1/2"]
[WhiteElo "2390"]
[BlackElo "2565"]
[PlyCount "89"]
[EventDate "1995.10.??"]
[EventType "swiss"]
[EventRounds "11"]
[EventCountry "RUS"]
[SourceTitle "CBM 050"]
[Source "ChessBase"]
[SourceDate "1996.02.01"]
[SourceVersion "1"]
[SourceVersionDate "1996.02.01"]
[SourceQuality "1"]

1. e4 e6 2. d4 d5 3. Nd2 Nf6 4. e5 Nfd7 5. c3 c5 6. Bd3 b6 7. Ne2 Ba6 8. Bxa6 Nxa6 9. 0-0 g6 10. Nf3 Qc7 11. Qa4 Qb7 12. c4 dxc4 13. Qxc4 b5 14. Qc3 Bg7 15. Be3 Rc8 16. Rfd1 0-0 17. Ng3 Nb6 18. dxc5 Nd5 19. Qd2 Nxe3 20. Qxe3 Nxc5 21. Rd4 Qe7 22. Rad1 Rc7 23. h4 Na4 24. Qe2 a6 25. Ne4 Nb6 26. Rd6 Nc4 27. Rxa6 Nxe5 28. Nxe5 Bxe5 29. Qxb5 Bh2+ 30. Kxh2 Qxh4+ 31. Kg1 Qxe4 32. Ra4 Qc2 33. Rad4 Rc5 34. Qb4 Rfc8 35. g3 e5 36. R4d2 Qf5 37. a4 Kg7 38. a5 Rc4 39. Qa3 Qe4 40. b3 Rc3 41. a6 h5 42. Rd8 Rxg3+ 43. fxg3 Qe3+ 44. Kh1 Qf3+ 45. Kh2 1/2-1/2

[Event "Novorossiysk"]
[Site "Novorossiysk"]
[Date "1995.??.??"]
[Round "?"]
[White "Daniliuk, Sergey"]
[Black "Tseshkovsky, Vitaly"]
[Result "1/2-1/2"]
[WhiteElo "2390"]
[BlackElo "2540"]
[PlyCount "47"]
[EventDate "1995.??.??"]
[EventType "tourn"]
[EventRounds "11"]
[EventCountry "RUS"]
[EventCategory "5"]
[SourceTitle "EXT 1997"]
[Source "ChessBase"]
[SourceDate "1996.11.15"]
[SourceVersion "1"]
[SourceVersionDate "1996.11.15"]
[SourceQuality "1"]

1. e4 g6 2. d4 Bg7 3. Nc3 d6 4. f4 Nf6 5. Nf3 0-0 6. Be3 c6 7. Qd2 b5 8. e5 b4 9. exf6 bxc3 10. Qxc3 exf6 11. 0-0-0 Re8 12. Bd2 a5 13. a4 Bd7 14. Re1 Rxe1+ 15. Bxe1 Qb6 16. Nd2 Be6 17. Bc4 d5 18. Bd3 Bf8 19. Nf3 Bb4 20. Qb3 c5 21. dxc5 Qxc5 22. f5 gxf5 23. Bb5 Nd7 24. Qd3 1/2-1/2

[Event "Moscow op"]
[Site "Moscow"]
[Date "1995.??.??"]
[Round "9"]
[White "Daniliuk, Sergey"]
[Black "Ulko, Jaroslav"]
[Result "0-1"]
[WhiteElo "2445"]
[BlackElo "2285"]
[PlyCount "56"]
[EventDate "1995.??.??"]
[EventType "swiss"]
[EventRounds "9"]
[EventCountry "RUS"]
[SourceTitle "EXT 2000"]
[Source "ChessBase"]
[SourceDate "1999.11.16"]
[SourceVersion "1"]
[SourceVersionDate "1999.11.16"]
[SourceQuality "1"]

1. e4 d5 2. exd5 Nf6 3. c4 e6 4. dxe6 Bxe6 5. Be2 Nc6 6. Nf3 Bc5 7. 0-0 Qd7 8. a3 0-0-0 9. Nc3 Rhe8 10. b4 Bd4 11. Bb2 Bg4 12. Rb1 Bf5 13. Rc1 Ne4 14. b5 Ne5 15. Nxe5 Rxe5 16. d3 Nxf2 17. Rxf2 Bxf2+ 18. Kxf2 Qd4+ 19. Kf1 Rxe2 20. Nxe2 Qxb2 21. Rc3 Bg4 22. Rc2 Qxa3 23. Rd2 Qc5 24. h3 Rd6 25. d4 Rf6+ 26. Kg1 Qe7 27. Qe1 Qe3+ 28. Kh2 Bxh3 0-1

[Event "Krasnodar"]
[Site "Krasnodar"]
[Date "1995.??.??"]
[Round "3"]
[White "Gaponenko, Inna"]
[Black "Daniliuk, Sergey"]
[Result "1-0"]
[WhiteElo "2390"]
[BlackElo "2445"]
[PlyCount "115"]
[EventDate "1995.??.??"]
[EventType "tourn"]
[EventRounds "9"]
[EventCountry "RUS"]
[EventCategory "9"]
[SourceTitle "CBM 047 Extra"]
[Source "ChessBase"]
[SourceDate "1995.09.01"]
[SourceVersion "1"]
[SourceVersionDate "1995.09.01"]
[SourceQuality "1"]

1. e4 g6 2. d4 c6 3. Nc3 d5 4. e5 h5 5. f4 Nh6 6. Nf3 Bg4 7. Be3 e6 8. h3 Nf5 9. Bf2 Bxf3 10. Qxf3 h4 11. Bd3 Nd7 12. Ne2 c5 13. c4 Qa5+ 14. Kf1 dxc4 15. Bxc4 cxd4 16. Nxd4 Bc5 17. Nb3 Qb4 18. Qc3 Qxc3 19. bxc3 Be3 20. Bb5 0-0-0 21. Bxe3 Nxe3+ 22. Kf2 Nd5 23. Kf3 g5 24. Bxd7+ Rxd7 25. fxg5 Nxc3 26. Rac1 Rd3+ 27. Kf2 b6 28. Rc2 Kb8 29. Rhc1 Nxa2 30. Rxa2 Rxb3 31. Kg1 Rd8 32. Rc4 Rg3 33. Rxh4 Rxg5 34. Re4 Rd5 35. Rae2 a5 36. g4 Rd3 37. Kg2 Rg8 38. Rf2 Rg7 39. h4 Kb7 40. h5 b5 41. h6 Rh7 42. g5 Rd7 43. Ref4 b4 44. Rxf7 Rhxf7 45. Rxf7 Rxf7 46. g6 b3 47. gxf7 b2 48. f8Q b1Q 49. Qf7+ Kb6 50. Qxe6+ Kc5 51. Qe7+ Kd5 52. Qf7+ Kxe5 53. h7 Qe4+ 54. Kg3 Qe3+ 55. Kg4 Qg1+ 56. Kh5 Qh2+ 57. Kg6 Qg3+ 58. Kh6 1-0

[Event "Moscow op"]
[Site "Moscow"]
[Date "1995.??.??"]
[Round "2"]
[White "Gavrilov, Alexei"]
[Black "Daniliuk, Sergey"]
[Result "1/2-1/2"]
[WhiteElo "2390"]
[BlackElo "2445"]
[PlyCount "81"]
[EventDate "1995.??.??"]
[EventType "swiss"]
[EventRounds "9"]
[EventCountry "RUS"]
[SourceTitle "EXT 2000"]
[Source "ChessBase"]
[SourceDate "1999.11.16"]
[SourceVersion "1"]
[SourceVersionDate "1999.11.16"]
[SourceQuality "1"]

1. d4 Nf6 2. c4 g6 3. Nc3 d5 4. cxd5 Nxd5 5. e4 Nxc3 6. bxc3 Bg7 7. Qa4+ Qd7 8. Qxd7+ Bxd7 9. Ba3 b6 10. Rc1 0-0 11. Bd3 c5 12. Nf3 e6 13. Ke2 Rd8 14. dxc5 Nc6 15. Nd4 Bf8 16. Ba6 Na5 17. Nb3 Bc8 18. Bd3 Nxb3 19. axb3 bxc5 20. Bc4 a5 21. Rhd1 Bb7 22. Rxd8 Rxd8 23. f3 Bc6 24. Rd1 Rxd1 25. Kxd1 Bd6 26. h3 Kf8 27. Kc2 Ke8 28. Bc1 Kd7 29. Kd3 a4 30. bxa4 Bxa4 31. f4 Kc6 32. g4 Bb5 33. f5 Be5 34. Be3 Kb6 35. Bg5 Kc6 36. Be7 Kb6 37. Bg5 Kc6 38. Bd8 Kd7 39. Bb6 Kc6 40. Bd8 Kd7 41. Bb6 1/2-1/2